000 01841nam a2200349 c 4500
003 BLK
005 20240806174329.0
008 180411b bul|||||r ||||||| ||bul||
010 _aKNG00212636000
020 _a978-619-191-274-2
_bиздат.: Арт Етърнал Дистрибушън
040 _aBLK
041 _aBUL
_cBUL
072 7 _2bullib
_aН85
_xДетска художествена литература Н
080 _aЛитература на отделни езици и езикови семейства
_b821
_x-93-34
_z821-93-34
100 1 _aКрюкова, Тамара Шамилевна
_eпърви автор
_9294296
700 1 _aКръстева, Стефана
_eпрев.
_9386401
700 1 _aСоколова, Наталия
_eил.
_9377502
139 _aКрюкова, Тамара Шамилевна
_bК 92
245 1 0 _aПриказки от спящата гора
_cТамара Шамилевна Крюкова; прев. Стефана Кръстева; ил. Наталия Соколова.
257 _aRUS
260 София
_bАрт Етърнал Дистрибушън
_c2016
_fСофия : Скала принт
300 _a48 с.
_bс цв. ил.
_c28 см
380 _aDX
500 _aОриг. загл.: Сказки дремучего леса / Тамара Крюкова. - Името на прев. отбелязано в изд. каре. - Спорът ; Сватосването ; Капката ; Облакът ; Новото кожухче ; Шивачът ; Съдия ; Ще те науча аз теб!
659 _aН
852 _aЦб ІІ 22001
856 4 _qpdf
_u
856 4 _qpdf
_u
942 _cKNG
_n0
_09
944 _aCR
_c27.09.2017
_k30543
_lИва Цветкова
944 _aED
_c08.11.2017
_kГрета_Цуфелде
999 _c203122
_d203122